00939nam a2200289 u 450000100070000000500170000700800410002403500110006504000130007604100080008908200080009710000400010524501090014526000430025430000110029730000080030865000270031665000350034365000310037865000300040965000660043970000440050570000400054970000400058950200120062952600080064158028620260506084409.0000215s1999 ||||||m| spa  a580286 ccomduadb aspa 4a62110aOspina Henao, Luis Carlos4auteaut13aEl sistema de control interno en la Corporacion Autonoma Regional del Centro de Antioquia "Corantioquia" aMedellín :b[sin publicador],c1999. a182p.  ail. 7aControl interno2embne 7aCultura organizacional2armarc aOrganización y métodos aProcedimientos de trabajo aCorantioquia (Corporación Autónoma Regional de Antioquia)10aMarulanda Usma, Yeni Patricia4auteaut10aToro Quintero, Hectaliber4auteaut10aTorres Correa, Jacqueline4auteaut b174c17 a176